000 00468nam a22001097a 4500
008 150624b xxu||||| |||| 00| 0 eng d
010 _8HCCRS ARF:007
245 _aHIGH COURT CRIMINAL SESSION NO.77 OF 1970 Uganda Vs Kasenke s/o Kibumba
260 _aHigh Court Kampala
500 _3(Original criminal case no. MJ.376/1969 in the Chief Magistrate's Court of Jinja at Jinja Before-H.Katembeko Esq.Mag.Grade1)
500 _3BEFORE:The Honourable Mr.Ag.Justice S.W.W. Wambuzi
999 _c6735
_d6735